Real and Fictious Locations by the Letter B - Statistics

General Stats
  • This quiz has been taken 767 times
  • The average score is 6 of 15
Answer Stats
Hint Answer % Correct
Capital of Brazil Brasilia
91%
Formerly known as Peking Beijing
89%
Where Jesus was born Bethlehem
89%
Capital of Hungary Budapest
85%
Sherlock's street of address Baker Street
74%
Home of Bruins Boston
62%
Hounds of Baskerville
58%
How humans most likely got into North America Bering Strait
31%
"Simba, you most never go there." Badlands
21%
If you don't end up in Arkham, you'll probably end up in this prison Blackgate
4%
Tyrand Bangkok
3%
Home of the Fantastic Four Baxter Building
3%
Home of Jorah and Jeor Mormont Bear Islands
3%
Nightwing's City Bludhaven
2%
Capital of the Earth Kingdom Ba Sing Sei
1%
No matching quizzes found
Score Distribution
Percent of People with Each Score
Percentile by Number Answered
Your Score History
You have not taken this quiz